|
|
|
|
| LEADER |
00000nam0a2200000 4500 |
| 001 |
328236 |
| 005 |
20231102004036.0 |
| 035 |
|
|
|a (RuTPU)RU\TPU\book\353936
|
| 090 |
|
|
|a 328236
|
| 100 |
|
|
|a 20170214d1984 m y0rusy50 ca
|
| 101 |
0 |
|
|a rus
|
| 102 |
|
|
|a RU
|
| 105 |
|
|
|a a z 001gy
|
| 200 |
1 |
|
|a Громада любовь: любовная лирика
|e стихотворения
|f В. В. Маяковский
|g авт. предисл. О. П. Смола
|
| 210 |
|
|
|a Москва
|c Книга
|d 1984
|
| 215 |
|
|
|a 230 с.
|c ил.
|
| 320 |
|
|
|a Вступительная статья: с. 6-37
|
| 320 |
|
|
|a Примечания: с. 222-226
|
| 320 |
|
|
|a Краткий библиографический список: с. 227-229
|
| 600 |
|
1 |
|a Маяковский
|g Владимир Владимирович
|b В. В.
|c русский поэт
|f 1893-1930
|2 stltpush
|3 (RuTPU)RU\TPU\pers\1040
|
| 606 |
|
|
|a Русская литература современная
|2 stltpush
|3 (RuTPU)RU\TPU\subj\26373
|9 50316
|
| 610 |
1 |
|
|a художественная литература
|
| 610 |
1 |
|
|a советская литература
|
| 610 |
1 |
|
|a поэзия
|
| 610 |
1 |
|
|a лирика
|
| 675 |
|
|
|a Р2
|v 4
|
| 700 |
|
1 |
|a Маяковский
|b В. В.
|c русский поэт
|f 1893-1930
|g Владимир Владимирович
|2 stltpush
|3 (RuTPU)RU\TPU\pers\1040
|4 070
|9 463
|
| 702 |
|
1 |
|a Смола
|b О. П.
|4 080
|
| 801 |
|
1 |
|a RU
|b 63413507
|c 20170214
|
| 801 |
|
2 |
|a RU
|b 63413507
|c 20201221
|g RCR
|
| 942 |
|
|
|c BK
|